000 00955nam0a22002291 4500
001 rc\2189147
005 20260407102210.0
035 _a(NLR Aleph) 006611990
090 _a7358873
_c7358873
100 _a20110829d1979 |||y0rusy50 ca
101 0 _arus
102 _aRU
105 _aa z |||||
200 1 _aМатематическое обеспечение М-400
_eДисковая операц. система ДОС-400. Транслятор с языка ФОРТРАН. Описание программы. 2б4.072.056 ПО
_fИн-т электрон. упр. машин
210 _a[Москва]
_cСНПО "Алгоритм"
_d1979
215 _a57 с.
_cил.
_d20
712 0 2 _aИнститут электронных управляющих машин им. И. С. Брука
_cМосква
_3RU\NLR\AUTH\889929928
_9355430
801 0 _aRU
_bNLR
_gpsbo
801 1 _aRU
_bELAR
_2rusmarc
852 _aNLR
_j79-6/1236
942 _cBOOK
980 _aNB